Music Quiz

Random Music or Lyrics Quiz

'Down Under' Lyrics Quiz Stats

Quiz Updated Nov 19, 2012

Challenge
Share
Tweet
Embed
Score 0/200 Timer 08:00
0 Plays Today
% Correct
a
97.9%
a
97.9%
a
97.9%
a
97.9%
a
97.9%
a
97.9%
a
97.9%
a
97.9%
a
97.9%
a
97.9%
a
97.9%
down
97.8%
under,
97.8%
down
97.8%
under,
97.8%
down
97.8%
under,
97.8%
under... (repeat)
97.8%
down
97.8%
'Do
97.5%
'Do
97.5%
do
97.5%
I
96.3%
I
96.3%
'I
96.3%
I
96.3%
I
96.3%
land
94.8%
land
94.8%
land
94.8%
land
94.8%
land
94.8%
you
94.4%
you
94.4%
you
94.4%
You
94.4%
you
94.4%
you
94.4%
you
94.4%
you
94.4%
You
94.4%
You
94.4%
you
94.4%
you
94.4%
you
94.4%
you
94.4%
You
94.4%
You
94.4%
from
93.6%
from
93.6%
from
93.6%
from
93.6%
from
93.6%
come
93.3%
come
93.3%
come
93.3%
come
93.3%
the
90.8%
the
90.8%
the
90.8%
the
90.8%
the
90.8%
and
90.8%
And
90.8%
and
90.8%
and
90.8%
and
90.8%
% Correct
And
90.8%
and
90.8%
and
90.8%
and
90.8%
And
90.7%
me
90.3%
me
90.3%
me
90.3%
me
90.3%
me
90.3%
He
88.1%
He
88.1%
he
88.1%
he
88.1%
where
85.7%
where
85.7%
where
85.7%
'Oh,
82.2%
said
80.3%
said
80.3%
said
80.3%
said
80.3%
said
80.3%
women
80.1%
women
80.1%
men
78.8%
men
78.8%
men
78.8%
thunder?
78.5%
thunder?
78.5%
thunder?
78.5%
of
76.8%
of
76.8%
of
76.8%
to
76.5%
to
76.5%
to
76.5%
hear,
76.3%
hear
76.3%
hear,
76.3%
hear
76.3%
hear,
76.3%
hear
76.3%
sandwich.
75.8%
in
74.8%
in
74.8%
in
74.8%
in
74.8%
in
74.8%
in
74.8%
gave
73.8%
gave
73.8%
She
72%
She
72%
she
72%
just
67.5%
take
67.3%
take
67.3%
take
67.3%
Vegemite
67.3%
better
66.6%
better
66.6%
better
66.6%
better
66.6%
better
66.6%
better
66.6%
run
66.5%
% Correct
run.
66.5%
run.
66.5%
my
66.3%
smiled
66.1%
cover.'
64.7%
cover.
64.7%
cover.'
64.7%
man
63.8%
man,
63.8%
Can't
61.3%
can't
61.3%
Can't
61.3%
can't
61.3%
Can't
61.3%
can't
61.3%
full
60.7%
full
60.7%
speak-a
59.7%
language?'
59.7%
plunder?
58.4%
plunder?
58.4%
was
58.1%
muscle.
57.1%
six
55.9%
foot
55.5%
'Are
55.5%
took
54.1%
breakfast.
53.1%
four
52.8%
met
52.4%
made
51.2%
Brussels.
49.8%
plenty?'
49.7%
lady.
47.8%
say.
47.6%
On
47.4%
because
45.7%
nervous.
45.5%
not
44.1%
trying
44.1%
tempt
42.1%
strange
42%
Bombay
41.3%
glow
38.7%
glow
38.7%
much
38.4%
zombie.
37.5%
chunder?
35.1%
head
32.8%
trail,
32.4%
with
30.8%
out
30.3%
Traveling
29.2%
Living
27.8%
jaw
26.2%
flow
25.8%
slack
25.5%
hippie
24.5%
fried-
22.6%
den
21.4%
does
21.3%
bread
19.7%
Buying
18.8%
beer
18.8%
Lying
17.1%
Kombi
13.1%

You're not logged in!

Compare scores with friends on all Sporcle quizzes.
Sign Up with Email
OR
Log In

You Might Also Like...

Show Comments

Extras

Top Quizzes Today


Score Distribution

Your Account Isn't Verified!

In order to create a playlist on Sporcle, you need to verify the email address you used during registration. Go to your Sporcle Settings to finish the process.